000 00824aam a2200301 4500
005 20240423154703.0
008 150630b xxu||||| |||| 00| 0 spa d
020 _a9789682469381
041 _aESP
082 _a711.4 L142c
100 _aLacomba, Ruth
_927336
245 _aLa ciudad sustentable: creación y rehabilitación de ciudades sustentables
260 _aMéxico
260 _bTrillas
260 _c2004
300 _a148 páginas
650 _aURBANISMO
650 _aDESARROLLO URBANÍSTICO
650 _aREHABILITACIÓN URBANA
650 _aPLANIFICACIÓN REGIONAL
650 _aDESARROLLO SUSTENTABLE
650 _aTRANSFORMACIÓN ENERGÉTICA
650 _aARQUITECTURA
650 _aARQUITECTURA BIOCLIMÁTICA
650 _aGOBIERNOS MUNICIPALES
942 _cBK
_2ddc
999 _c3192
_d3192